000 00718nam a2200253Ia 4500
003 OSt
005 20220918105812.0
006 a|||||r|||| 00| 0
007 ta
008 220915b |||||||| |||| 00| 0 eng d
024 _a2808
037 _cReference Collections
040 _aARTS
_cARTS
_beng
041 _2eng
_aeng
082 _ak21,N, M2(RR)
100 _aMowhitter Norris. ed
_94063
245 0 _aGuiness book of answers
_b A handbook of general knowledge
250 _a4th
260 _aEnfield
_bGuinness duperlatives
_c1982
300 _a269p,illus
650 _aSOCIOLOGY
942 _hk21,N, M2(RR)
_cREF
999 _c109553
_d109553